00833cam a22002651a 4500001001300000003000400013005001700017008004100034010001700075035002000092040002100112042001200133043001200145050002000157245007800177260006400255300005200319500002300371650002800394650005300422651004100475700001300516752002100529999001700550he 68001433 DLC20260227111458.0840213s1967 is 000 0 hebr  ahe 68001433  a(OCoLC)19203467 aDLCcMHdOUdDLC apremarc ae-pl---00aDS135.P62bC53700aSefer zikaron li-ḳehilat Ḥorzél :bKhozshel /cha-ʻorekh, L. Losh. aTel Aviv :bIrgun yotsʼe Ḥorzʼel be-Yiśraʼel,c1967. a272 p. :bill., facsims., map, ports. ;c25 cm. aPartly in Yiddish. 0aJewszPolandzChorzele. 0aHolocaust, Jewish (1939-1945)zPolandzChorzele. 0aChorzele (Poland)xEthnic relations.1 aLosh, L. aIsraeldTel Aviv c33301d33301